000
00263nam a22001217a 4500
008
170613b xxu||||| |||| 00| 0 eng d
041
_a
eng
080
_a
328
100
_a
19
101
_a
SHP
245
_a
THE BUREA OF THE BUDGEST
_c
MAY.R
942
_2
udc
_c
BK
999
_c
17197
_d
17197